[Event "HUN-chT2 Erkel 0506"]
[Site "Hungary"]
[Date "2005.10.30"]
[Round "2"]
[White "Trajber, Csaba"]
[Black "Katsuhara, Osamu"]
[Result "0-1"]
[WhiteElo "2090"]
[BlackElo "2029"]
[PlyCount "60"]
[EventDate "2005.10.16"]
[EventType "team-tourn"]
[EventRounds "11"]
[EventCountry "HUN"]
[SourceTitle "EXT 2009"]
[Source "ChessBase"]
[SourceDate "2008.11.26"]
[SourceVersion "1"]
[SourceVersionDate "2008.11.26"]
[SourceQuality "1"]
[WhiteTeam "Vaci"]
[BlackTeam "BEAC Rufusz II"]
[WhiteTeamCountry "HUN"]
[BlackTeamCountry "HUN"]

1. e4 c5 2. Nf3 d6 3. d4 cxd4 4. Nxd4 Nf6 5. Nc3 a6 6. Be3 e6 7. g4 h6 8. h3 b5 9. Bg2 Bb7 10. a3 Nbd7 11. Nde2 Rc8 12. 0-0 Qc7 13. Qe1 Nb6 14. Rd1 Be7 15. Kh1 Ba8 16. f4 Nc4 17. Bc1 Qc5 18. Qg3 Nd7 19. Rd3 g5 20. Nd1 h5 21. Nf2 hxg4 22. b3 gxh3 23. Bf3 gxf4 24. Bxf4 Bh4 25. Qh2 Ncb6 26. Rc3 Qxa3 27. Bxd6 Qa5 28. Rxc8+ Nxc8 29. Bc7 Qd2 30. Rd1 Qe3 0-1

[Event "Budapest FS09 FM-A"]
[Site "Budapest"]
[Date "2005.09.10"]
[Round "8"]
[White "Katsuhara, Osamu"]
[Black "Ritter, Gabor"]
[Result "1-0"]
[WhiteElo "2029"]
[BlackElo "2149"]
[PlyCount "57"]
[EventDate "2005.09.03"]
[EventType "tourn"]
[EventRounds "9"]
[EventCountry "HUN"]
[SourceTitle "CBM 108 Extra"]
[Source "ChessBase"]
[SourceDate "2005.11.04"]
[SourceVersion "1"]
[SourceVersionDate "2005.11.04"]
[SourceQuality "1"]

1. e4 c5 2. Nf3 Nc6 3. d4 cxd4 4. Nxd4 g6 5. Nc3 Bg7 6. Be3 Nf6 7. Bc4 0-0 8. Bb3 a5 9. 0-0 a4 10. Nxa4 Nxe4 11. Nb5 Ra6 12. Qe2 d5 13. Rad1 e6 14. c4 Ne7 15. Nc5 Nxc5 16. Bxc5 Re8 17. Rfe1 Qa5 18. Bxe7 Rxe7 19. cxd5 e5 20. Qc4 Qd8 21. Rc1 Bd7 22. d6 Re6 23. Nc7 Rc6 24. Nxe6 Bxe6 25. Qe2 Bxb3 26. Rxc6 bxc6 27. axb3 Qxd6 28. Rd1 Qc5 29. Qc4 1-0

[Event "Budapest FS09 FM-A"]
[Site "Budapest"]
[Date "2005.09.07"]
[Round "5"]
[White "Katsuhara, Osamu"]
[Black "Havaskori, Laszlo"]
[Result "1-0"]
[WhiteElo "2029"]
[BlackElo "2046"]
[PlyCount "65"]
[EventDate "2005.09.03"]
[EventType "tourn"]
[EventRounds "9"]
[EventCountry "HUN"]
[SourceTitle "CBM 108 Extra"]
[Source "ChessBase"]
[SourceDate "2005.11.04"]
[SourceVersion "1"]
[SourceVersionDate "2005.11.04"]
[SourceQuality "1"]

1. e4 c6 2. d4 d5 3. Nd2 dxe4 4. Nxe4 Bf5 5. Ng3 Bg6 6. Nf3 Nd7 7. Bd3 Bxd3 8. Qxd3 e6 9. 0-0 Ngf6 10. c4 Qc7 11. b3 h5 12. Ne4 Nxe4 13. Qxe4 Nf6 14. Qe2 Ng4 15. d5 Bd6 16. h3 0-0-0 17. dxe6 Rde8 18. Bb2 Rxe6 19. Qc2 Bh2+ 20. Kh1 Be5 21. Rae1 Bxb2 22. Rxe6 fxe6 23. Qxb2 Rf8 24. hxg4 hxg4 25. Ne5 Rf5 26. Nxg4 Qf4 27. f3 Rg5 28. Qe2 e5 29. Re1 Qg3 30. Kg1 Rh5 31. Qf2 Qf4 32. Qxa7 e4 33. Qe3 1-0

[Event "Eger Agria op"]
[Site "Eger"]
[Date "2005.07.26"]
[Round "3"]
[White "Katsuhara, Osamu"]
[Black "Balla, Tibor"]
[Result "0-1"]
[WhiteElo "2029"]
[BlackElo "2212"]
[PlyCount "83"]
[EventDate "2005.07.18"]
[EventType "swiss"]
[EventRounds "9"]
[EventCountry "HUN"]
[SourceTitle "EXT 2008"]
[Source "ChessBase"]
[SourceDate "2007.11.25"]
[SourceVersion "1"]
[SourceVersionDate "2007.11.25"]
[SourceQuality "1"]

1. e4 g6 2. d4 d6 3. Nc3 a6 4. Be3 b5 5. Qd2 Bb7 6. f3 Nd7 7. a4 b4 8. Nd1 a5 9. Bd3 Bg7 10. Ne2 Ngf6 11. 0-0 0-0 12. Nf2 c5 13. c3 Rc8 14. Bh6 c4 15. Bc2 b3 16. Bd1 e5 17. d5 Bxh6 18. Qxh6 Nc5 19. Ng3 Kh8 20. Be2 Ng8 21. Qd2 Nd7 22. f4 Rc5 23. f5 f6 24. Nd1 Nb6 25. Ne3 Bc8 26. h4 Bd7 27. fxg6 hxg6 28. h5 g5 29. Ngf5 Bxa4 30. Ng4 Be8 31. Kf2 Kh7 32. Kg3 a4 33. Nf2 Nc8 34. Nh3 Rc7 35. Ne3 Bb5 36. Bg4 Nh6 37. Qf2 Rg7 38. Nf5 Nxg4 39. Kxg4 Rfg8 40. Kg3 g4 41. Ng1 Rg5 42. Ne2 0-1

[Event "Budapest FS07 FM"]
[Site "Budapest"]
[Date "2005.07.07"]
[Round "6"]
[White "Katsuhara, Osamu"]
[Black "Winkelmann, Elena"]
[Result "1-0"]
[WhiteElo "2029"]
[BlackElo "2040"]
[PlyCount "72"]
[EventDate "2005.07.02"]
[EventType "tourn"]
[EventRounds "10"]
[EventCountry "HUN"]
[SourceTitle "CBM 107 Extra"]
[Source "ChessBase"]
[SourceDate "2005.09.01"]
[SourceVersion "1"]
[SourceVersionDate "2005.09.01"]
[SourceQuality "1"]

1. e4 c5 2. Nf3 e6 3. d4 cxd4 4. Nxd4 a6 5. Bd3 Nf6 6. a4 Qc7 7. Nc3 b6 8. 0-0 Bb7 9. Qe2 d6 10. Kh1 Nbd7 11. f4 Be7 12. Bd2 h5 13. Rae1 h4 14. Kg1 Nh5 15. e5 dxe5 16. Nxe6 fxe6 17. Bg6+ Kd8 18. Bxh5 exf4 19. Bf3 Bc5+ 20. Kh1 e5 21. Ne4 Kc8 22. b4 Be7 23. c4 Kb8 24. c5 bxc5 25. bxc5 Bc6 26. Nd6 Bxd6 27. cxd6 Qxd6 28. Rb1+ Kc7 29. Rfc1 Nb8 30. Rxc6+ Nxc6 31. Rc1 Rad8 32. Rxc6+ Qxc6 33. Bxc6 Kxc6 34. Qc4+ Kd6 35. Bb4+ Kd7 36. Qd5+ Kc7 1-0

[Event "Budapest FS07 FM"]
[Site "Budapest"]
[Date "2005.07.03"]
[Round "2"]
[White "Katsuhara, Osamu"]
[Black "Kolbus, Dietmar"]
[Result "1/2-1/2"]
[WhiteElo "2029"]
[BlackElo "2416"]
[PlyCount "41"]
[EventDate "2005.07.02"]
[EventType "tourn"]
[EventRounds "10"]
[EventCountry "HUN"]
[SourceTitle "CBM 107 Extra"]
[Source "ChessBase"]
[SourceDate "2005.09.01"]
[SourceVersion "1"]
[SourceVersionDate "2005.09.01"]
[SourceQuality "1"]

1. e4 c5 2. Nf3 d6 3. d4 cxd4 4. Nxd4 Nf6 5. Nc3 a6 6. Be3 e5 7. Nb3 Be6 8. f3 Nc6 9. Qd2 d5 10. exd5 Nxd5 11. Nxd5 Qxd5 12. Qxd5 Bxd5 13. 0-0-0 0-0-0 14. Nc5 Bxc5 15. Bxc5 Kc7 16. Bd3 Be6 17. Rhe1 Rd5 18. Ba3 g6 19. Be4 Rxd1+ 20. Rxd1 Rd8 21. Bxc6 1/2-1/2

[Event "Elekes Memorial IM 30th"]
[Site "Budapest"]
[Date "2005.05.29"]
[Round "9"]
[White "Katsuhara, Osamu"]
[Black "Lorincz, Istvan"]
[Result "0-1"]
[WhiteElo "2106"]
[BlackElo "2296"]
[PlyCount "108"]
[EventDate "2005.05.21"]
[EventType "tourn"]
[EventRounds "9"]
[EventCountry "HUN"]
[EventCategory "2"]
[SourceTitle "CBM 106 Extra"]
[Source "ChessBase"]
[SourceDate "2005.07.01"]
[SourceVersion "1"]
[SourceVersionDate "2005.07.01"]
[SourceQuality "1"]

1. e4 c6 2. d4 d5 3. Nd2 dxe4 4. Nxe4 Bf5 5. Ng3 Bg6 6. h4 h6 7. Nf3 Nd7 8. h5 Bh7 9. Bd3 Bxd3 10. Qxd3 e6 11. Bd2 Ngf6 12. 0-0-0 Be7 13. Ne4 0-0 14. g4 Nxe4 15. Qxe4 Nf6 16. Qe2 Qd5 17. c4 Qe4 18. Qxe4 Nxe4 19. Be3 f5 20. Ne5 f4 21. f3 Ng3 22. Rh3 fxe3 23. Rxg3 e2 24. Rh1 Bh4 25. Rgg1 Bf2 26. Kd2 Bxd4 27. Ng6 Bxg1 28. Nxf8 Rxf8 29. Rxg1 Rxf3 30. Kxe2 Rh3 31. Rg2 Kf7 32. Rf2+ Ke7 33. Rg2 b6 34. b3 a5 35. Kd2 a4 36. Kc2 a3 37. b4 c5 38. b5 Kd6 39. Rd2+ Ke5 40. Rd7 Rg3 41. Rxg7 Kd4 42. Rg6 Kxc4 43. Rxh6 Rg2+ 44. Kd1 Rxa2 45. Rh8 Rg2 46. Ra8 Kb3 47. h6 Rxg4 48. h7 Rh4 49. h8Q Rxh8 50. Rxh8 a2 51. Ra8 Kb2 52. Kd2 a1Q 53. Rxa1 Kxa1 54. Kd3 Ka2 0-1

[Event "Elekes Memorial IM 30th"]
[Site "Budapest"]
[Date "2005.05.28"]
[Round "8"]
[White "Mester, Gyula"]
[Black "Katsuhara, Osamu"]
[Result "0-1"]
[WhiteElo "2410"]
[BlackElo "2106"]
[PlyCount "86"]
[EventDate "2005.05.21"]
[EventType "tourn"]
[EventRounds "9"]
[EventCountry "HUN"]
[EventCategory "2"]
[SourceTitle "CBM 106 Extra"]
[Source "ChessBase"]
[SourceDate "2005.07.01"]
[SourceVersion "1"]
[SourceVersionDate "2005.07.01"]
[SourceQuality "1"]

1. d4 Nf6 2. c4 g6 3. Nc3 d5 4. cxd5 Nxd5 5. e4 Nxc3 6. bxc3 Bg7 7. Bc4 c5 8. Ne2 0-0 9. 0-0 Nc6 10. Be3 Bd7 11. Rb1 a6 12. dxc5 Na5 13. Bd3 Qc7 14. f4 Rfd8 15. Qc2 e6 16. c6 Qxc6 17. Bb6 Rdc8 18. Rfd1 Be8 19. e5 Nc4 20. Be4 Qa4 21. Qxa4 Bxa4 22. Rd4 Nxb6 23. Rxb6 Bb5 24. Bd3 Bf8 25. Bxb5 Bc5 26. Bxa6 bxa6 27. Rb2 Rab8 28. Rbd2 Rb1+ 29. Kf2 Rcb8 30. Kf3 Bxd4 31. Rxd4 R8b2 32. Ng3 Rxa2 33. Rd8+ Kg7 34. Ne4 Rf1+ 35. Kg3 Rg1 36. Nf6 Rgxg2+ 37. Kf3 Rgf2+ 38. Kg3 Rg2+ 39. Kf3 Rgc2 40. Rc8 Ra3 41. Ne4 Rxh2 42. Rc7 h6 43. Nd6 Rxc3+ 0-1

[Event "Elekes Memorial IM 30th"]
[Site "Budapest"]
[Date "2005.05.26"]
[Round "6"]
[White "Katsuhara, Osamu"]
[Black "Somogyi, Istvan"]
[Result "0-1"]
[WhiteElo "2106"]
[BlackElo "2250"]
[PlyCount "104"]
[EventDate "2005.05.21"]
[EventType "tourn"]
[EventRounds "9"]
[EventCountry "HUN"]
[EventCategory "2"]
[SourceTitle "CBM 106 Extra"]
[Source "ChessBase"]
[SourceDate "2005.07.01"]
[SourceVersion "1"]
[SourceVersionDate "2005.07.01"]
[SourceQuality "1"]

1. e4 c5 2. Nf3 e6 3. d4 cxd4 4. Nxd4 Nc6 5. Nc3 Qc7 6. Be3 a6 7. Qd2 Nf6 8. f3 Ne5 9. Nb3 b5 10. 0-0-0 Bb4 11. Bd4 Nc4 12. Qg5 Be7 13. e5 h6 14. Qxg7 Rg8 15. Qxh6 Nxe5 16. Kb1 Bb7 17. Qf4 d6 18. a3 Rc8 19. Qd2 Nd5 20. Ne4 Nc4 21. Bxc4 bxc4 22. Nc1 e5 23. Bc3 f5 24. Ba5 Qc6 25. Nc3 Nf4 26. g3 Ne6 27. Rhf1 Nd4 28. f4 Nf3 29. Qe2 e4 30. Nd5 Rg7 31. Bc3 Rf7 32. Na2 Rd8 33. g4 Qc5 34. Nxe7 Rxe7 35. Bf6 fxg4 36. Bxe7 Kxe7 37. Qg2 Qf5 38. Qg3 Rh8 39. Qf2 Rxh2 40. Qb6 Qd7 41. Kc1 g3 42. Rxd6 Qxd6 43. Qxb7+ Kf6 44. Nb4 g2 45. Nd5+ Qxd5 46. Qb6+ Qe6 47. Qd8+ Qe7 48. Qb6+ Kg7 49. Rxf3 exf3 50. Qd4+ Kh7 51. Kb1 Rh1+ 52. Ka2 g1Q 0-1

[Event "Elekes Memorial IM 30th"]
[Site "Budapest"]
[Date "2005.05.22"]
[Round "2"]
[White "Katsuhara, Osamu"]
[Black "Peredy, Ferenc"]
[Result "0-1"]
[WhiteElo "2106"]
[BlackElo "2290"]
[PlyCount "108"]
[EventDate "2005.05.21"]
[EventType "tourn"]
[EventRounds "9"]
[EventCountry "HUN"]
[EventCategory "2"]
[SourceTitle "CBM 106 Extra"]
[Source "ChessBase"]
[SourceDate "2005.07.01"]
[SourceVersion "1"]
[SourceVersionDate "2005.07.01"]
[SourceQuality "1"]

1. e4 d5 2. exd5 Qxd5 3. Nc3 Qd6 4. d4 Nf6 5. g3 Bg4 6. Qd3 c6 7. Bg2 e6 8. Nf3 Bf5 9. Qe2 h6 10. Bf4 Qb4 11. 0-0-0 Be7 12. Ne5 Nd5 13. Bd2 Qb6 14. Rhe1 Nxc3 15. Bxc3 0-0 16. f4 Qa6 17. Qxa6 Nxa6 18. Nc4 Nb4 19. Bxb4 Bxb4 20. c3 Be7 21. Be4 Bxe4 22. Rxe4 Rfd8 23. Ree1 Rac8 24. Kc2 Rc7 25. Ne5 g6 26. Nc4 Rcd7 27. Na5 Kg7 28. Nb3 Rd5 29. Re5 g5 30. fxg5 hxg5 31. Rde1 Rh8 32. R1e2 b6 33. Rxd5 cxd5 34. Kd3 Bd6 35. Nd2 Kg6 36. Nf3 Kf5 37. Ne5 Bxe5 38. Rxe5+ Kg4 39. Re2 Kf3 40. b3 b5 41. Rb2 Rc8 42. a4 a6 43. axb5 axb5 44. Ra2 Rh8 45. Re2 g4 46. Ra2 Rh7 47. c4 bxc4+ 48. bxc4 dxc4+ 49. Kxc4 Rh5 50. Kd3 Rd5 51. Re2 Rxd4+ 52. Kxd4 Kxe2 53. Ke4 Kf2 54. Kf4 f5 0-1

[Event "Budapest FS05 IM"]
[Site "Budapest"]
[Date "2005.05.19"]
[Round "13"]
[White "Katsuhara, Osamu"]
[Black "Galyas, Miklos"]
[Result "0-1"]
[WhiteElo "2106"]
[BlackElo "2444"]
[PlyCount "124"]
[EventDate "2005.05.07"]
[EventType "tourn"]
[EventRounds "13"]
[EventCountry "HUN"]
[EventCategory "1"]
[SourceTitle "CBM 106 Extra"]
[Source "ChessBase"]
[SourceDate "2005.07.01"]
[SourceVersion "1"]
[SourceVersionDate "2005.07.01"]
[SourceQuality "1"]

1. d4 Nf6 2. Nf3 g6 3. c4 Bg7 4. Nc3 0-0 5. Bf4 d6 6. e3 Nbd7 7. h3 a6 8. Be2 e6 9. 0-0 Qe7 10. b4 b6 11. Bh2 Bb7 12. Re1 Ne4 13. Nxe4 Bxe4 14. Nd2 Bb7 15. Nb3 f5 16. a4 Nf6 17. a5 Ne4 18. Qc2 Qh4 19. Bf3 Rac8 20. Bg3 Qe7 21. Nd2 d5 22. Bxe4 dxe4 23. axb6 cxb6 24. c5 g5 25. Bh2 b5 26. Rec1 Rf6 27. Be5 Rg6 28. Bxg7 Rxg7 29. Kf1 g4 30. hxg4 Rxg4 31. g3 f4 32. gxf4 Qh4 33. Ke1 Bd5 34. Ke2 Qh5 35. Ke1 e5 36. Nf1 exf4 37. Kd2 Rg2 38. Kc3 Qh4 39. Nd2 Qxf2 40. Nf1 Qf3 41. Qd1 Re2 42. Rc2 Bc4 43. Rxe2 Bxe2 44. Qb3+ Bc4 45. Qd1 Qh3 46. Kb2 fxe3 47. Qe1 Qg2+ 48. Kc3 Bxf1 49. Qxf1 Qd2+ 50. Kb3 Rf8 51. Qg1+ Kh8 52. Rd1 Qf2 53. Qg5 e2 54. Qe5+ Rf6 55. Qe8+ Kg7 56. Qe7+ Kg6 57. Qe8+ Kg5 58. Qe5+ Kg4 59. Qxe4+ Kg3 60. Rd3+ Rf3 61. Qe5+ Kg2 62. Qg5+ Kf1 0-1

[Event "Budapest FS04 IM"]
[Site "Budapest"]
[Date "2005.04.09"]
[Round "8"]
[White "Khadempour, Farhad"]
[Black "Katsuhara, Osamu"]
[Result "0-1"]
[WhiteElo "2225"]
[BlackElo "2106"]
[PlyCount "158"]
[EventDate "2005.04.02"]
[EventType "tourn"]
[EventRounds "13"]
[EventCountry "HUN"]
[EventCategory "1"]
[SourceTitle "CBM 105 Extra"]
[Source "ChessBase"]
[SourceDate "2005.05.01"]
[SourceVersion "1"]
[SourceVersionDate "2005.05.01"]
[SourceQuality "1"]

1. c4 c6 2. Nf3 d5 3. e3 Nf6 4. b3 Bf5 5. Bb2 h6 6. Be2 e6 7. 0-0 Be7 8. d3 0-0 9. Nbd2 Nbd7 10. Qc2 Bh7 11. a3 a5 12. Rfc1 Bd6 13. Bc3 Qe7 14. Qb2 e5 15. b4 axb4 16. axb4 e4 17. Ne1 Ne5 18. dxe4 dxe4 19. c5 Bc7 20. h3 Nd5 21. Bd4 Rae8 22. Nc4 Nxc4 23. Bxc4 f5 24. Qb3 Rd8 25. Rd1 Kh8 26. f4 exf3 27. Nxf3 Nf6 28. Qb2 Ne4 29. Rf1 Rde8 30. Rad1 Bb8 31. Ra1 Qc7 32. b5 Qg3 33. bxc6 bxc6 34. Ra3 Bc7 35. Ra7 Re7 36. Qa1 Ng5 37. Rxc7 Nxf3+ 38. Rxf3 Qxc7 39. Qc3 Qb8 40. Rf2 f4 41. Rb2 Qc7 42. Rf2 Qb8 43. Rb2 Qe8 44. exf4 Rxf4 45. Bf2 Rf8 46. Bh4 Re3 47. Qc1 Re4 48. Bf2 Qd7 49. Rd2 Rxc4 50. Qd1 Qf7 51. Bg3 Rb4 52. Kh2 Rb1 53. Qg4 Bf5 54. Qf3 Rc1 55. Qxc6 Rc2 56. Rd4 Rc8 57. Qd6 R2xc5 58. Ra4 Qg6 59. Qe7 Rc3 60. Be5 Rc2 61. Qb7 Rxg2+ 62. Qxg2 Rc2 63. Qxc2 Bxc2 64. Rg4 Qf7 65. Rxg7 Qxg7 66. Bxg7+ Kxg7 67. Kg3 Kg6 68. Kg4 Bd1+ 69. Kh4 Be2 70. Kg3 Kg5 71. Kf2 Bd1 72. Kg3 Ba4 73. Kf3 Kh4 74. Kg2 Bd7 75. Kh2 Bxh3 76. Kh1 Kg3 77. Kg1 Bc8 78. Kh1 Bb7+ 79. Kg1 h5 0-1

[Event "Budapest FS04 IM"]
[Site "Budapest"]
[Date "2005.04.08"]
[Round "7"]
[White "Katsuhara, Osamu"]
[Black "Jakab, Attila"]
[Result "0-1"]
[WhiteElo "2106"]
[BlackElo "2448"]
[PlyCount "82"]
[EventDate "2005.04.02"]
[EventType "tourn"]
[EventRounds "13"]
[EventCountry "HUN"]
[EventCategory "1"]
[SourceTitle "CBM 105 Extra"]
[Source "ChessBase"]
[SourceDate "2005.05.01"]
[SourceVersion "1"]
[SourceVersionDate "2005.05.01"]
[SourceQuality "1"]

1. e4 g6 2. d4 d6 3. Nc3 c6 4. f4 d5 5. Nf3 dxe4 6. Nxe4 Bg7 7. Bc4 Nf6 8. Nxf6+ Bxf6 9. Be3 Nd7 10. Qd2 Nb6 11. Bb3 Bg7 12. Ne5 Nd5 13. 0-0 0-0 14. Rae1 Nxe3 15. Qxe3 e6 16. c3 Qc7 17. Bd1 b6 18. Bf3 Bb7 19. Kh1 Rad8 20. g4 c5 21. dxc5 bxc5 22. Rf2 Ba6 23. Bg2 Rd6 24. b3 Rfd8 25. c4 Bc8 26. Ref1 a6 27. h3 f6 28. Nf3 Rd3 29. Qc1 f5 30. Re2 Rc3 31. Qa3 h6 32. Ne5 Bb7 33. Nxg6 Rxh3+ 34. Kg1 Bd4+ 35. Ref2 Rg3 36. Kh2 Bxf2 37. Rxf2 Rxg2+ 38. Rxg2 Bxg2 39. Kxg2 Qc6+ 40. Kf2 Rd2+ 41. Ke3 Qg2 0-1

[Event "Budapest FS04 IM"]
[Site "Budapest"]
[Date "2005.04.07"]
[Round "6"]
[White "Stupavski, Zdenko"]
[Black "Katsuhara, Osamu"]
[Result "1-0"]
[WhiteElo "2333"]
[BlackElo "2106"]
[PlyCount "149"]
[EventDate "2005.04.02"]
[EventType "tourn"]
[EventRounds "13"]
[EventCountry "HUN"]
[EventCategory "1"]
[SourceTitle "CBM 105 Extra"]
[Source "ChessBase"]
[SourceDate "2005.05.01"]
[SourceVersion "1"]
[SourceVersionDate "2005.05.01"]
[SourceQuality "1"]

1. Nf3 c5 2. e3 Nf6 3. d4 e6 4. c4 d5 5. Nc3 cxd4 6. exd4 Nc6 7. cxd5 Nxd5 8. Bd3 Be7 9. 0-0 0-0 10. a3 b6 11. Nxd5 Qxd5 12. Qc2 Bb7 13. Bxh7+ Kh8 14. Be4 Nxd4 15. Bxd5 Nxc2 16. Bxb7 Nxa1 17. Bxa8 Rxa8 18. Bg5 f6 19. Rxa1 fxg5 20. Rc1 Bf6 21. Rc2 Rd8 22. Nd2 Kg8 23. Kf1 Rd7 24. h3 Kf7 25. Ke2 Ke7 26. b3 Kd8 27. a4 Rd5 28. Ne4 Rf5 29. Rd2+ Ke7 30. Kd3 Re5 31. f3 Rf5 32. Kc4 Ra5 33. Kb4 Ke8 34. Nd6+ Ke7 35. Ne4 Ke8 36. Kc4 Be7 37. Kd3 Bb4 38. Rc2 Kd7 39. Rc4 Be7 40. Nc3 a6 41. Rd4+ Kc7 42. Re4 Kd7 43. Nd1 Bf6 44. Ne3 Rc5 45. Rc4 Re5 46. Rd4+ Ke7 47. Re4 Rc5 48. Rc4 Kd6 49. Rxc5 Kxc5 50. Nc4 b5 51. axb5 axb5 52. Nd2 Kb4 53. Kc2 Bd8 54. Ne4 Be7 55. Kb2 Bd8 56. Kc2 Be7 57. Nc3 Bf6 58. Na2+ Ka3 59. Nc1 Bb2 60. Ne2 Be5 61. Nc3 Kb4 62. Ne4 Bf4 63. g3 Be3 64. Nd6 Bf2 65. g4 Bg3 66. Nf7 Bf4 67. Nd8 Be5 68. Nc6+ Kc5 69. Nxe5 Kd4 70. Nf7 Ke3 71. Nxg5 e5 72. b4 Kf4 73. h4 Kg3 74. h5 Kf4 75. Ne6+ 1-0

[Event "Budapest FS04 IM"]
[Site "Budapest"]
[Date "2005.04.06"]
[Round "5"]
[White "Katsuhara, Osamu"]
[Black "Fodor, Istvan"]
[Result "1/2-1/2"]
[WhiteElo "2106"]
[BlackElo "2150"]
[PlyCount "88"]
[EventDate "2005.04.02"]
[EventType "tourn"]
[EventRounds "13"]
[EventCountry "HUN"]
[EventCategory "1"]
[SourceTitle "CBM 105 Extra"]
[Source "ChessBase"]
[SourceDate "2005.05.01"]
[SourceVersion "1"]
[SourceVersionDate "2005.05.01"]
[SourceQuality "1"]

1. e4 c5 2. Nf3 e6 3. d4 cxd4 4. Nxd4 Nc6 5. Nb5 d6 6. c4 Nf6 7. N1c3 a6 8. Nd4 Be7 9. Be2 0-0 10. 0-0 Bd7 11. Be3 Nxd4 12. Qxd4 Qb8 13. a4 Bc6 14. f3 Nd7 15. b4 b6 16. Rfd1 Rd8 17. Qd2 Nf6 18. b5 axb5 19. axb5 Rxa1 20. Rxa1 Ba8 21. Ra6 Nd7 22. Qa2 Nc5 23. Ra7 Bf6 24. Ra3 h6 25. Qd2 Qc7 26. Bf1 Qe7 27. Qa2 Bb7 28. Bf2 Be5 29. Na4 Qc7 30. h3 Nxa4 31. Rxa4 d5 32. cxd5 exd5 33. exd5 Bxd5 34. Qa3 Bd6 35. Ra7 Qc2 36. Qa4 Bh2+ 37. Kxh2 Qxf2 38. Qd1 Qc5 39. Qe1 Be6 40. Qe4 Qd6+ 41. Kg1 Qc5+ 42. Kh2 Qd6+ 43. Kg1 Qc5+ 44. Kh2 Qd6+ 1/2-1/2

[Event "Budapest Spring op 21st"]
[Site "Budapest"]
[Date "2005.03.19"]
[Round "2"]
[White "Katsuhara, Osamu"]
[Black "Kahn, Evarth"]
[Result "0-1"]
[WhiteElo "2083"]
[BlackElo "2293"]
[PlyCount "62"]
[EventDate "2005.03.18"]
[EventType "swiss"]
[EventRounds "9"]
[EventCountry "HUN"]
[SourceTitle "CBM 105 Extra"]
[Source "ChessBase"]
[SourceDate "2005.05.01"]
[SourceVersion "1"]
[SourceVersionDate "2005.05.01"]
[SourceQuality "1"]

1. e4 c5 2. Nf3 d6 3. d4 cxd4 4. Nxd4 Nf6 5. Nc3 g6 6. Be3 Bg7 7. f3 0-0 8. Qd2 Nc6 9. Bc4 Bd7 10. 0-0-0 Ne5 11. Bb3 Qa5 12. h4 Rfc8 13. Kb1 Nc4 14. Bxc4 Rxc4 15. Nb3 Qc7 16. Bd4 Be6 17. h5 a5 18. hxg6 hxg6 19. a4 Rc8 20. Rh4 b5 21. Rdh1 bxa4 22. g4 axb3 23. Qh2 Nh5 24. Bxg7 bxc2+ 25. Kc1 Qc5 26. gxh5 Qe3+ 27. Kxc2 Kxg7 28. Kb1 Rxc3 29. bxc3 Rb8+ 30. Kc2 Bb3+ 31. Kb2 Bc4+ 0-1

[Event "Budapest FS03 IM-B"]
[Site "Budapest"]
[Date "2005.03.13"]
[Round "9"]
[White "Dencsi, Tibor"]
[Black "Katsuhara, Osamu"]
[Result "1-0"]
[WhiteElo "2300"]
[BlackElo "2083"]
[PlyCount "102"]
[EventDate "2005.03.05"]
[EventType "tourn"]
[EventRounds "11"]
[EventCountry "HUN"]
[EventCategory "2"]
[SourceTitle "CBM 105 Extra"]
[Source "ChessBase"]
[SourceDate "2005.05.01"]
[SourceVersion "1"]
[SourceVersionDate "2005.05.01"]
[SourceQuality "1"]

1. e4 c5 2. Nf3 d6 3. c3 Nf6 4. Be2 Nc6 5. d4 cxd4 6. cxd4 d5 7. e5 Ne4 8. 0-0 e6 9. a3 Be7 10. b4 0-0 11. Bb2 f6 12. Nbd2 Nxd2 13. Qxd2 fxe5 14. dxe5 a6 15. Rac1 Bd7 16. Ne1 Rc8 17. f4 Na7 18. Nf3 Rxc1 19. Rxc1 Bb5 20. Bxb5 Nxb5 21. g3 Qd7 22. Qc2 Bd8 23. Kg2 Na7 24. Bd4 Nc6 25. Bc5 Be7 26. Ng5 g6 27. Bxe7 Qxe7 28. h4 Qe8 29. a4 h6 30. Nf3 Qf7 31. Qb1 Qf5 32. Qxf5 gxf5 33. b5 axb5 34. axb5 Nd8 35. Nd4 Re8 36. Rc7 Kf8 37. Rd7 Kg8 38. h5 Kh8 39. Kf2 Rg8 40. Kf3 Rf8 41. Re7 Kg8 42. Nxe6 Nxe6 43. Rxe6 Rc8 44. Rxh6 Rc3+ 45. Kg2 d4 46. Rd6 Rc2+ 47. Kh3 Rd2 48. Kh4 d3 49. Kg5 Rd1 50. Kxf5 d2 51. Kg6 Kf8 1-0

[Event "Budapest FS03 IM-B"]
[Site "Budapest"]
[Date "2005.03.11"]
[Round "7"]
[White "Zakharchenko, Arnold"]
[Black "Katsuhara, Osamu"]
[Result "1-0"]
[WhiteElo "2292"]
[BlackElo "2083"]
[PlyCount "109"]
[EventDate "2005.03.05"]
[EventType "tourn"]
[EventRounds "11"]
[EventCountry "HUN"]
[EventCategory "2"]
[SourceTitle "CBM 105 Extra"]
[Source "ChessBase"]
[SourceDate "2005.05.01"]
[SourceVersion "1"]
[SourceVersionDate "2005.05.01"]
[SourceQuality "1"]

1. d4 Nf6 2. c4 g6 3. Nc3 d5 4. Qb3 dxc4 5. Qxc4 Bg7 6. e4 0-0 7. Be2 Na6 8. Nf3 c5 9. d5 e6 10. 0-0 exd5 11. exd5 Bf5 12. Be3 Qb6 13. b3 Rfe8 14. Rac1 Ng4 15. Bd2 Rad8 16. h3 Nf6 17. Be3 Qa5 18. Qb5 Qb4 19. Rfd1 Ne4 20. Nxe4 Bxe4 21. Bxc5 Qxb5 22. Bxb5 Bxf3 23. gxf3 Re5 24. Bxa6 bxa6 25. Be3 Bf8 26. Rc6 a5 27. d6 a4 28. d7 axb3 29. axb3 Rb5 30. Bxa7 Rb7 31. Rc8 Be7 32. Bc5 Bg5 33. Rd5 Bh4 34. Rxd8+ Bxd8 35. b4 f6 36. Kf1 Kf7 37. Rd6 Rb8 38. Ke2 Be7 39. Rd5 Ke6 40. Bxe7 Kxe7 41. d8Q+ Rxd8 42. Rxd8 Kxd8 43. Kd3 Kc7 44. Kc4 Kb6 45. f4 f5 46. h4 Kc6 47. b5+ Kb6 48. Kb4 Kb7 49. Kc5 Kc7 50. b6+ Kb7 51. Kb5 Kb8 52. Kc6 Kc8 53. b7+ Kb8 54. Kb6 h6 55. Kc6 1-0